00286nam a2200121Ia 4500008004100000041001200041082001600053100002100069245003500090260001600125300000800141650001500149231217s9999 xx 000 0 und d aEnglish a920KIR DAN aDangwal, Parmesh 0aI dare Kiran Bedi: A biography c1995bUBSPD a328 aKiran Bedi